MDQL
is popping MORE tags! Check the
thread
!
Quizzes
Events
Quiz Creation
Community
Videos
Private Events
Remove Ads
Sign In
Join for FREE
Feedback
Dark Mode
Quiz Categories
Sports
Geography
Music
Movies
Television
Just For Fun
Miscellaneous
History
Literature
Language
Science
Gaming
Entertainment
Religion
Holiday
For Kids
Quiz Lab
Recent
Popular Today
Quiz Kudos Today
Editor Picks
Curator Picks
Quizzes by...
Day
Popularity
Type
Ratings
Length
Year
Community
Subscriptions
Recent Discussions
Orange Saloon
Badges
Playlists
Quests
Create
Leaderboards
Showdown
Live 5
Trivia Bingo
Activity
Puzzle Library
Sporcle Events
Private Events
Virtual Trivia
Globe League
Become a Host
Pub Owners
SporcleCon
Opinionation
Our Games
Videos
Blog
Mobile Apps
Partnerships
Remove Ads and Go Orange
Feedback
Music
Pop Music
The Beatles
Song
Album
Lyrics
Bands
Singers
Artist
Clip
Rock
Rap
Classical
Billboard
Country Music
Kpop
Taylor Swift
Music
Pop Music
The Beatles
Song
Album
Lyrics
Bands
Singers
Artist
Clip
Rock
Rap
Classical
Billboard
Country Music
Kpop
Taylor Swift
Random Quiz
Search Sporcle
×
Quiz Lab
Quiz Lab
Music
Nintendo
Type in answers that appear in a list
Type in answers that appear in a list
Classic
Best Score? Go Orange.
Evanescence Songs by Lyric Stats
Can you name the Evanescence songs based on the lyrics?
By
SpiritOfSakura
8m
23 Questions
276 Plays
276 Plays
276 Plays
Comments
Comments
Give Quiz Kudos
Give Quiz Kudos
-
- Ratings
hide this ad
Random Order
Randomize order of answers
Randomize order of answers
Replay
Link that replays current quiz
Next Quiz
Link to next quiz in quiz playlist
You Got
0%
They Got
Avg Score
64%
Avg Friend Score
Upgrade to see
Score Distribution
Jump to the score distribution portion of the page
Score
0/23
Timer
08:00
0
Plays Today
Lyric
Song
% Correct
One day, I'm gonna forget your name
Sweet Sacrifice
80.8%
Here in the darkness I know myself
Lithium
80.4%
You don't remember me, but I remember you
Taking Over Me
79.3%
Immobilized by my fear, and soon to be blinded by tears
Whisper
77.2%
But still you wake and know the truth-
-
no one's there
My Last Breath
76.1%
Hello, hello, remember me?
What You Want
75.7%
And I'm still waiting for the rain to fall
Good Enough
73.6%
I think I finally understand what it means to be lost
Oceans
73.2%
I have nothing left, and all I feel is this cruel wanting
Lost in Paradise
68.8%
I can't scream, I can't scream
Snow White Queen
64.9%
Soft, dark, and dreamless
Like You
63.8%
If I fall, and all is lost, it's where I belong
Cloud Nine
61.2%
Lyric
Song
% Correct
Grieving the things I can't repent
Lacrymosa
58.7%
You don't remember my name
Lose Control
58.3%
If I only knew how to pull myself apart
All That I'm Living For
56.9%
Do you remember me?
Tourniquet
56.5%
Oceans between us, and there's nothing that can change the way I feel
Sick
56.5%
I will find a way, even without wings
End of the Dream
55.4%
I will still remember when you've long forgotten me
Made of Stone
55.1%
I am lost, and I can [title].
Never Go Back
54.7%
Why can't you feel me calling your name?
Your Star
54.3%
The water's rising 'round us. There is no other way down.
Erase This
51.1%
So afraid to open your eyes
The Only One
50.4%
Quiz Playlist
Details
Report
Send in Message
Add To Playlist
Classic:
Type in answers that appear in a list
Random Order:
Randomize order of answers
Last Updated: Feb 16, 2017
Quiz Scoreboard
CHALLENGE
Sign Up to Join the Scoreboard
Show All
Scores
Hide
Comments
May contain spoilers
Recently Published
Two Season TV Shows II
by 123Four
Television
10m
Image Sorting: Flags VI
by Barbecue
Geography
2m
Find the 'City' Movie
by crazypaving
Movies
60s
More to Explore
Quiz From the Vault
Featured Blog Post
14 Easter Pick-up Lines to Find Eggs With
hide this ad
You Might Also Like...
Tags
Nintendo Quiz
Song Quiz
Evanescence
Today's Top Quizzes in Music
Browse Music
hide this ad
Today's Top Quizzes in Nintendo
Browse Nintendo
Top Contributed Quizzes in Music
1
5X2 Blitz: Bands II
2
5X2 Blitz: The Beatles
3
Taylor Swift All Songs (2024)
4
5X2 Blitz: Billboard
5
5X2 Blitz: Billboard II
6
5X2 Blitz: Album
7
5X2 Blitz: Rock
8
5X2 Blitz: Singers
9
Music Artist by Three 2010s hits
10
5X2 Blitz: Lyrics
Explore More
Trending Topics
Disney
Harry Potter
Anime
Crossword
Kpop
Marvel
NBA
WWE
Country
NFL
The Office
Soccer
Song
Puzzle
Pokémon
hide this ad
More By:
SpiritOfSakura
Quiz
Plays
Rating
Category
Featured
Created
Guess the Disney Lyrics
1,455
5.00
Music
Mar 2, 2013
Evanescence Songs by Lyric
276
5.00
Music
Jan 7, 2012
P!nk's Greatest Hits!
207
5.00
Music
Feb 24, 2012
You Make Me Smile
194
5.00
Music
Apr 11, 2012
'D' Pokemon
147
5.00
Gaming
Feb 5, 2012
Go to Creator's Profile
Score Distribution
Quiz Creator Spotlight
SpiritOfSakura
Follow
Send a Message
Quizzes Created
-
Created Quiz Play Count
-
More By This Creator
Popular Quizzes Today
1
Colored Red Africa Blitz
2
Find the US States - No Outlines Minefield
3
Find the 'City' Movie
4
5x2 Blitz: Bands
5
The Countries of the World
6
Find the US States
7
Find the Countries of Europe - No Outlines Minefield
8
US States
More Music Quizzes
Juice WRLD's Album, 'Fighting Demons'
Quiz Lab
Trending Quizzes
Colored Red Europe Blitz I
Colored Red Africa Blitz II
Colored Red Europe Blitz II
Colored Red Africa Blitz III
Colored Red Europe Blitz III
Recently Updated
How Do You Spell That?
pecheneg
Godzilla Movies
pecheneg
Grab Bag: 4-10 Letters
pecheneg
2024 March Madness Bracket
pecheneg
Famous TV Couples
Peacemaker
Champions League XIs: Real Madrid
pecheneg
Largest US Cities 1790-2010
pecheneg
Rides in Walt Disney World
pecheneg
Most Oscar Losses (Acting)
pecheneg
Beyoncé Albums
pecheneg
Trending Topics
NBA
Kpop
Marvel
Harry Potter
Crossword
Disney
Anime
Puzzle
Soccer
WWE
Song
Pokémon
The Office
NFL
Country
Your Account Isn't Verified!
In order to create a playlist on Sporcle, you need to verify the email address you used during registration. Go to your
Sporcle Settings
to finish the process.
Report this User
Report this user for behavior that violates our
Community Guidelines
.
Details:
Send Report
Go to the Sporcle.com Mobile Site →
Comments